| 000 | 00574nam a2200193Ia 4500 | ||
|---|---|---|---|
| 003 | OSt | ||
| 005 | 20240404145006.0 | ||
| 008 | 210210b1988 xxu||||| |||| 00| 0 eng d | ||
| 040 | _cAL | ||
| 041 | _aKannada | ||
| 082 | _aK894.8 GAYM | ||
| 100 |
_aGAYATRI NAVADA,Ed. _9142375 _dಗಾಯತ್ರಿ ನಾವಡ |
||
| 245 |
_aMukajji:baduku sahitya. _bಮೂಕಜ್ಜಿ: ಬದುಕು ಸಾಹಿತ್ಯ |
||
| 260 |
_aKundapura _bPradeshika Vyasanga _c1988 |
||
| 300 | _ax,100 | ||
| 690 |
_aKannada Miscellaneous _9142376 |
||
| 906 | _a041942 | ||
| 942 |
_2ddc _cBK |
||
| 999 |
_c91981 _d91981 |
||